[Event "PMPJ 2022 - C15"]
[Site "Jastrzebia Gora"]
[Date "2022.11.12"]
[Round "5.15"]
[White "Nawrocki, Michal"]
[Black "Wilgosz, Szczepan"]
[Result "1/2-1/2"]
[BlackElo "1618"]
[WhiteElo "1432"]
[LiveChessVersion "1.4.4"]

1. e4 c5 2. Nf3 d6 3. d4 cxd4 4. Nxd4 Nf6 5. Nc3 a6 6. Bg5 e6 7. f4 Be7 8. Qf3
Qc7 9. O-O-O Nbd7 10. Bd3 h6 11. Bh4 b5 12. Nxe6 fxe6 13. e5 Bb7 14. Bg6+ Kd8 15.
Qh3 dxe5 16. Qxe6 Qc6 17. f5 b4 18. Bxf6 Qxe6 19. fxe6 Bxf6 20. Rxd7+ Kc8 21. Nd5
Bxd5 22. Rxd5 Rd8 23. Rxd8+ Bxd8 24. Rd1 Ra7 25. Rd5 Bf6 26. Kd2 Re7 27. Rd6 Kb7
28. Be4+ Ka7 29. Kd3 Rc7 30. Rd7 Kb6 31. Rxc7 Kxc7 32. Kc4 Be7 33. Kd5 Bf6 34.
Bd3 a5 35. b3 g5 36. g4 Bg7 37. Bb5 Bf6 38. h3 Kd8 39. Kd6 e4 40. Bc6 e3 41. Bb5
Be7+ 42. Kc6 Bf6 43. Kb6 Ke7 44. Kxa5 Bc3 45. Bc4 e2 46. Bxe2 Kxe6 47. Ka4 Kd5
48. Bc4+ Kc5 49. Bf7 Bb2 50. Ka5 Ba3 51. Ka6 Kd4 52. Kb5 Kc3 53. Bg6 Kb2 54. Kc4
Kxa2 55. c3 bxc3 56. Kxc3 Bc1 57. b4 Ka3 58. Bc2 Be3 59. Kc4 Kb2 60. Bd1 Ka3 61.
b5 Bb6 62. Bc2 Bf2 63. Bd3 Be3 64. Be4 Bf2 65. Bc6 Be3 66. Kd3 Bf2 67. Ke4 Kb4
68. Kf5 Kc5 69. Kg6 Kd6 70. Kxh6 Bh4 71. Kg6 Kc5 72. Kf6 Kd6 73. Bf3 Kc5 74. Be2
Kd6 75. Bf1 Kc5 76. Ke7 Bg3 77. Kd7 Kb6 78. Kc8 Bf2 79. Bd3 Bg3 80. Bf1 Bf2 81.
Kb8 Bg3+ 82. Ka8 Bf2 1/2-1/2

[Event "PMPJ 2022 - C15"]
[Site "Jastrzebia Gora"]
[Date "2022.11.12"]
[Round "5.16"]
[White "Klys, Kacper"]
[Black "Chmura, Eryk"]
[Result "1-0"]
[BlackElo "1614"]
[WhiteElo "1406"]
[LiveChessVersion "1.4.4"]

1. d4 {[%clk 1:30:57]} Nf6 {[%clk 1:30:52]} 2. c4 {[%clk 1:31:25]} c5
{[%clk 1:31:15]} 3. d5 {[%clk 1:31:52]} e6 {[%clk 1:31:38]} 4. Nc3
{[%clk 1:32:21]} exd5 {[%clk 1:32:00]} 5. cxd5 {[%clk 1:32:50]} d6
{[%clk 1:32:18]} 6. e4 {[%clk 1:33:16]} g6 {[%clk 1:32:41]} 7. f4
{[%clk 1:33:12]} Bg7 {[%clk 1:33:04]} 8. Bb5+ {[%clk 1:33:38]} Nfd7
{[%clk 1:33:25]} 9. Nf3 {[%clk 1:33:51]} a6 {[%clk 1:32:06]} 10. Bd3
{[%clk 1:33:51]} b5 {[%clk 1:29:14]} 11. O-O {[%clk 1:33:41]} O-O
{[%clk 1:28:26]} 12. Re1 {[%clk 1:33:54]} Re8 {[%clk 1:28:09]} 13. Ne2
{[%clk 1:28:44]} Nf6 {[%clk 1:08:00]} 14. Ng3 {[%clk 1:26:28]} c4
{[%clk 1:01:23]} 15. Bc2 {[%clk 1:26:11]} Ng4 {[%clk 1:01:25]} 16. Re2
{[%clk 1:20:30]} Nd7 {[%clk 0:53:55]} 17. h3 {[%clk 1:19:41]} Nh6
{[%clk 0:47:26]} 18. Rb1 {[%clk 1:16:23]} Bb7 {[%clk 0:47:01]} 19. Be3
{[%clk 1:15:12]} Rc8 {[%clk 0:46:25]} 20. Bd4 {[%clk 1:15:26]} f6
{[%clk 0:40:21]} 21. b4 {[%clk 1:05:33]} cxb3 {[%clk 0:33:19]} 22. axb3
{[%clk 1:04:46]} Nf7 {[%clk 0:18:47]} 23. Bf2 {[%clk 0:58:53]} Bh6
{[%clk 0:15:57]} 24. Nd4 {[%clk 0:57:34]} Qe7 {[%clk 0:12:21]} 25. Be3
{[%clk 0:48:25]} Rc3 {[%clk 0:12:22]} 26. Kf2 {[%clk 0:48:07]} Rec8
{[%clk 0:08:09]} 27. Bd2 {[%clk 0:46:37]} R3c7 {[%clk 0:07:29]} 28. Ba5
{[%clk 0:47:01]} Bxf4 {[%clk 0:06:53]} 29. Ne6 {[%clk 0:46:38]} Bxg3+
{[%clk 0:03:50]} 30. Kxg3 {[%clk 0:47:05]} Rc3+ {[%clk 0:04:19]} 31. Bxc3
{[%clk 0:47:20]} Rxc3+ {[%clk 0:04:47]} 32. Kf2 {[%clk 0:47:47]} Ng5
{[%clk 0:04:14]} 33. Qd2 {[%clk 0:47:40]} Rc8 {[%clk 0:03:46]} 34. Nxg5
{[%clk 0:47:30]} fxg5 {[%clk 0:04:15]} 35. Bd3 {[%clk 0:46:39]} Ne5
{[%clk 0:04:34]} 36. Rb2 {[%clk 0:42:44]} g4 {[%clk 0:04:41]} 37. Re3
{[%clk 0:41:53]} Rf8+ {[%clk 0:03:32]} 38. Kg1 {[%clk 0:42:08]} Bc8
{[%clk 0:02:57]} 39. hxg4 {[%clk 0:41:56]} Nxg4 {[%clk 0:02:06]} 40. Rf3
{[%clk 0:41:44]} Rxf3 41. gxf3 {[%clk 0:42:11]} Ne5 {[%clk 0:02:13]} 42. Qe3
{[%clk 0:41:50]} Qh4 {[%clk 0:01:47]} 43. Bf1 {[%clk 0:40:55]} Qg3+
{[%clk 0:01:39]} 44. Bg2 {[%clk 0:41:12]} Bg4 {[%clk 0:00:56]} 45. Rf2
{[%clk 0:39:40]} Bh5 {[%clk 0:00:59]} 46. Qe2 {[%clk 0:38:32]} Nxf3+
{[%clk 0:00:39]} 47. Rxf3 {[%clk 0:38:30]} Bxf3 {[%clk 0:01:04]} 48. Qxf3
{[%clk 0:38:58]} Qxf3 {[%clk 0:01:26]} 49. Bxf3 {[%clk 0:39:15]} Kf7
{[%clk 0:01:50]} 50. Be2 {[%clk 0:39:18]} Kf6 {[%clk 0:02:07]} 51. Kf2
{[%clk 0:39:47]} Ke5 {[%clk 0:02:18]} 52. Ke3 {[%clk 0:40:08]} h5
{[%clk 0:01:46]} 53. b4 {[%clk 0:40:34]} Kf6 {[%clk 0:00:47]} 54. Kf4
{[%clk 0:34:14]} g5+ {[%clk 0:01:07]} 55. Ke3 {[%clk 0:34:43]} h4
{[%clk 0:00:34]} 56. Bg4 {[%clk 0:34:55]} Ke5 {[%clk 0:00:59]} 57. Bc8
{[%clk 0:33:46]} Kf6 {[%clk 0:01:21]} 58. Kf3 {[%clk 0:31:52]} Ke5
{[%clk 0:01:31]} 59. Bxa6 {[%clk 0:32:21]} g4+ {[%clk 0:01:53]} 60. Kxg4
{[%clk 0:32:05]} Kxe4 {[%clk 0:02:12]} 61. Bxb5 {[%clk 0:32:28]} Kxd5
{[%clk 0:02:34]} 62. Kxh4 {[%clk 0:30:56]} Kd4 {[%clk 0:02:59]} 63. Bf1
{[%clk 0:30:54]} d5 {[%clk 0:03:22]} 64. Kg3 {[%clk 0:30:39]} Ke5
{[%clk 0:03:38]} 65. Kf3 {[%clk 0:30:20]} d4 {[%clk 0:04:03]} 66. Bc4
{[%clk 0:30:42]} Kd6 {[%clk 0:04:03]} 67. Ke4 {[%clk 0:31:06]} Kd5+
{[%clk 0:03:56]} 1-0

[Event "PMPJ 2022 - C15"]
[Site "Jastrzebia Gora"]
[Date "2022.11.12"]
[Round "5.17"]
[White "Miler, Franciszek"]
[Black "Bajer, Tomasz"]
[Result "0-1"]
[BlackElo "1409"]
[WhiteElo "1608"]
[LiveChessVersion "1.4.4"]

1. e4 {[%clk 1:30:49]} c5 {[%clk 1:30:53]} 2. c3 {[%clk 1:31:15]} g6
{[%clk 1:28:53]} 3. d4 {[%clk 1:31:40]} cxd4 {[%clk 1:29:19]} 4. cxd4
{[%clk 1:32:04]} Bg7 {[%clk 1:28:39]} 5. Nc3 {[%clk 1:30:09]} d5 {[%clk 1:23:01]}
6. e5 {[%clk 1:23:53]} Nc6 {[%clk 1:22:00]} 7. Bb5 {[%clk 1:24:12]} a6
{[%clk 1:21:24]} 8. Bxc6+ {[%clk 1:24:36]} bxc6 {[%clk 1:21:50]} 9. Nge2
{[%clk 1:22:43]} e6 {[%clk 1:14:24]} 10. f4 {[%clk 1:18:11]} Ne7 {[%clk 1:12:39]}
11. O-O {[%clk 1:18:20]} a5 {[%clk 1:11:46]} 12. Na4 {[%clk 1:15:45]} Ba6
{[%clk 1:11:31]} 13. Nc5 {[%clk 1:16:07]} Nf5 {[%clk 1:10:00]} 14. Rf2
{[%clk 1:14:35]} Bxe2 {[%clk 1:08:49]} 15. Rxe2 {[%clk 1:15:00]} Qh4
{[%clk 1:06:15]} 16. g3 {[%clk 1:08:05]} Qg4 {[%clk 1:04:20]} 17. Kf2
{[%clk 1:02:25]} h5 {[%clk 1:02:28]} 18. Rd2 {[%clk 0:52:37]} Bf8
{[%clk 0:43:06]} 19. Na4 {[%clk 0:30:00]} Qh3 {[%clk 0:23:52]} 20. Kg1
{[%clk 0:30:39]} h4 {[%clk 0:20:16]} 21. g4 {[%clk 0:30:15]} Ne3 {[%clk 0:20:04]}
22. Qe2 {[%clk 0:30:06]} Qxg4+ {[%clk 0:18:03]} 23. Qxg4 {[%clk 0:30:04]} Nxg4
{[%clk 0:18:29]} 24. Rc2 {[%clk 0:29:43]} Ra6 {[%clk 0:18:13]} 25. h3
{[%clk 0:30:05]} Nh6 {[%clk 0:18:30]} 26. Be3 {[%clk 0:30:16]} Nf5
{[%clk 0:18:46]} 27. Bf2 {[%clk 0:30:39]} Kd7 {[%clk 0:16:33]} 28. Kg2
{[%clk 0:30:51]} Be7 {[%clk 0:16:00]} 29. Kf3 {[%clk 0:30:58]} Rb8
{[%clk 0:15:07]} 30. Rd1 {[%clk 0:30:10]} Rb4 {[%clk 0:14:24]} 31. b3
{[%clk 0:29:57]} Ra8 {[%clk 0:12:55]} 32. Be1 {[%clk 0:27:14]} Rxd4
{[%clk 0:07:02]} 33. Nb6+ {[%clk 0:27:31]} Ke8 {[%clk 0:06:39]} 34. Nxa8
{[%clk 0:26:01]} Rxd1 {[%clk 0:07:00]} 35. Ke2 {[%clk 0:20:47]} Rb1
{[%clk 0:04:39]} 36. Bf2 {[%clk 0:20:37]} Kd7 {[%clk 0:03:15]} 37. Nb6+
{[%clk 0:19:32]} Kc7 {[%clk 0:03:30]} 38. Na4 {[%clk 0:19:50]} Rh1
{[%clk 0:02:59]} 39. Rc3 {[%clk 0:19:43]} Bb4 {[%clk 0:02:58]} 40. Rd3
{[%clk 0:20:06]} Ra1 {[%clk 0:02:55]} 41. Ke3 0-1

[Event "PMPJ 2022 - C15"]
[Site "Jastrzebia Gora"]
[Date "2022.11.12"]
[Round "5.18"]
[White "Niemczyk, Krzysztof"]
[Black "Nowak, Maciej"]
[Result "0-1"]
[BlackElo "1389"]
[WhiteElo "1575"]
[LiveChessVersion "1.4.4"]

1. e4 {[%clk 1:30:58]} c5 {[%clk 1:30:45]} 2. Nf3 {[%clk 1:31:21]} e6
{[%clk 1:31:08]} 3. d4 {[%clk 1:31:46]} cxd4 {[%clk 1:31:20]} 4. Nxd4
{[%clk 1:32:12]} Nf6 {[%clk 1:31:39]} 5. Nc3 {[%clk 1:31:20]} Nc6
{[%clk 1:31:52]} 6. Ndb5 {[%clk 1:30:59]} Bb4 {[%clk 1:29:58]} 7. a3
{[%clk 1:26:29]} Bxc3+ {[%clk 1:29:25]} 8. Nxc3 {[%clk 1:26:56]} d5
{[%clk 1:22:16]} 9. exd5 {[%clk 1:26:24]} Nxd5 {[%clk 1:19:18]} 10. Nxd5
{[%clk 1:26:49]} Qxd5 {[%clk 1:19:10]} 11. Qxd5 {[%clk 1:27:01]} exd5
{[%clk 1:19:37]} 12. Bd3 {[%clk 1:26:26]} O-O {[%clk 1:18:37]} 13. O-O
{[%clk 1:26:40]} Ne5 {[%clk 1:18:12]} 14. Rd1 {[%clk 1:15:08]} Rd8
{[%clk 1:14:35]} 15. c3 {[%clk 1:13:28]} Be6 {[%clk 1:10:21]} 16. Be3
{[%clk 1:12:42]} f6 {[%clk 1:06:01]} 17. f3 {[%clk 1:05:13]} h5 {[%clk 1:00:43]}
18. Kf2 {[%clk 1:00:54]} Kf7 {[%clk 0:52:34]} 19. Bd4 {[%clk 0:59:12]} g5
{[%clk 0:48:28]} 20. Bc2 {[%clk 0:52:19]} b6 {[%clk 0:44:40]} 21. Re1
{[%clk 0:49:44]} Nc6 {[%clk 0:42:19]} 22. Rad1 {[%clk 0:49:08]} Rac8
{[%clk 0:37:28]} 23. Bb1 {[%clk 0:48:08]} Rd6 {[%clk 0:29:26]} 24. Re2
{[%clk 0:47:42]} Rc7 {[%clk 0:25:34]} 25. h3 {[%clk 0:34:20]} h4 {[%clk 0:21:29]}
26. Kf1 {[%clk 0:32:04]} Bc8 {[%clk 0:15:05]} 27. Kg1 {[%clk 0:28:21]} Re7
{[%clk 0:14:31]} 28. Rxe7+ {[%clk 0:26:33]} Nxe7 {[%clk 0:14:33]} 29. Ba2
{[%clk 0:23:27]} Be6 {[%clk 0:11:36]} 30. Be3 {[%clk 0:18:57]} Rd7
{[%clk 0:09:34]} 31. Kf2 {[%clk 0:15:36]} Kg7 {[%clk 0:07:43]} 32. Bd4
{[%clk 0:12:34]} Kf7 {[%clk 0:07:35]} 33. Ke2 {[%clk 0:08:45]} Nf5
{[%clk 0:06:11]} 34. f4 {[%clk 0:06:36]} Kg6 {[%clk 0:03:19]} 35. Bb1
{[%clk 0:05:49]} gxf4 {[%clk 0:03:18]} 36. Bxf5+ {[%clk 0:00:52]} Bxf5
{[%clk 0:03:16]} 37. Kf2 {[%clk 0:01:02]} Kg5 {[%clk 0:03:24]} 38. Re1
{[%clk 0:01:26]} Be4 {[%clk 0:03:34]} 39. Re2 {[%clk 0:01:32]} Kf5
{[%clk 0:03:52]} 40. Kf1 {[%clk 0:01:55]} Bd3 {[%clk 0:04:12]} 0-1

[Event "PMPJ 2022 - C15"]
[Site "Jastrzebia Gora"]
[Date "2022.11.12"]
[Round "5.19"]
[White "Skrzypinski, Jan"]
[Black "Pozoga, Adam"]
[Result "1-0"]
[BlackElo "1229"]
[WhiteElo "1490"]
[LiveChessVersion "1.4.4"]

1. e4 {[%clk 1:30:57]} e6 {[%clk 1:30:53]} 2. Qe2 c5 {[%clk 1:30:51]} 3. g3
{[%clk 1:30:01]} g6 {[%clk 1:29:05]} 4. Bg2 {[%clk 1:30:21]} Bg7 {[%clk 1:29:17]}
5. c3 {[%clk 1:29:57]} Nc6 {[%clk 1:28:43]} 6. f4 {[%clk 1:30:11]} Nge7
{[%clk 1:26:03]} 7. Nf3 {[%clk 1:29:40]} d5 {[%clk 1:23:19]} 8. e5
{[%clk 1:22:53]} d4 {[%clk 1:19:16]} 9. Qf2 {[%clk 1:20:03]} O-O {[%clk 1:12:28]}
10. O-O {[%clk 1:19:41]} Rb8 {[%clk 1:09:20]} 11. Na3 {[%clk 1:18:48]} f6
{[%clk 1:02:08]} 12. exf6 {[%clk 1:17:30]} Bxf6 {[%clk 1:01:36]} 13. c4
{[%clk 1:17:17]} e5 {[%clk 0:54:52]} 14. d3 {[%clk 1:17:14]} Bf5 {[%clk 0:53:54]}
15. Qe2 {[%clk 1:17:05]} Nb4 {[%clk 0:41:39]} 16. Rd1 {[%clk 1:17:27]} Nxd3
{[%clk 0:35:59]} 17. fxe5 {[%clk 1:16:14]} Nxc1 {[%clk 0:35:29]} 18. Raxc1
{[%clk 1:16:33]} Bg7 {[%clk 0:35:10]} 19. Nb5 {[%clk 1:07:52]} Nc6
{[%clk 0:31:26]} 20. Nd6 {[%clk 1:06:55]} Bxe5 {[%clk 0:24:14]} 21. Nxb7
{[%clk 1:06:31]} d3 {[%clk 0:21:08]} 22. Nxd8 {[%clk 1:06:26]} dxe2
{[%clk 0:21:23]} 23. Nxc6 {[%clk 1:06:51]} exd1=Q+ 24. Rxd1 {[%clk 1:07:12]} Rxb2
{[%clk 0:19:32]} 25. Nfxe5 {[%clk 1:03:47]} Rxa2 {[%clk 0:18:58]} 26. Ne7+
{[%clk 1:02:36]} Kg7 {[%clk 0:18:24]} 27. Nxf5+ {[%clk 1:01:58]} Rxf5
{[%clk 0:18:31]} 28. Nd3 {[%clk 1:02:19]} a5 {[%clk 0:13:14]} 29. Bd5
{[%clk 0:57:56]} a4 {[%clk 0:12:22]} 30. Nxc5 {[%clk 0:58:06]} a3
{[%clk 0:12:14]} 31. Ne6+ {[%clk 0:57:45]} Kf6 {[%clk 0:12:31]} 32. Nd4
{[%clk 0:58:08]} Rff2 {[%clk 0:12:16]} 33. Nb5 {[%clk 0:56:47]} Ke5
{[%clk 0:10:17]} 34. Re1+ {[%clk 0:56:42]} Kf6 {[%clk 0:10:40]} 35. c5
{[%clk 0:56:49]} Rae2 {[%clk 0:09:50]} 36. Rxe2 {[%clk 0:56:54]} Rxe2
{[%clk 0:10:15]} 37. c6 {[%clk 0:56:59]} a2 {[%clk 0:09:29]} 38. Bxa2
{[%clk 0:57:24]} Rxa2 {[%clk 0:09:53]} 39. c7 {[%clk 0:57:51]} Rc2
{[%clk 0:10:06]} 40. Nd6 {[%clk 0:58:17]} Rxc7 {[%clk 0:06:37]} 41. Ne8+
{[%clk 0:58:42]} Kg5 {[%clk 0:06:43]} 42. Nxc7 {[%clk 0:59:05]} h5
{[%clk 0:07:07]} 43. h3 {[%clk 0:59:05]} h4 {[%clk 0:07:09]} 44. g4
{[%clk 0:59:27]} Kf4 {[%clk 0:07:29]} 45. Kg2 {[%clk 0:59:52]} Ke5
{[%clk 0:07:52]} 46. Kf3 {[%clk 1:00:18]} Kd6 {[%clk 0:08:00]} 47. Nb5+
{[%clk 1:00:43]} Ke5 {[%clk 0:08:25]} 48. Nc3 {[%clk 1:01:07]} g5
{[%clk 0:08:42]} 49. Ne4 {[%clk 1:01:34]} 1-0

[Event "PMPJ 2022 - C15"]
[Site "Jastrzebia Gora"]
[Date "2022.11.12"]
[Round "5.20"]
[White "Zydok, Ignacy"]
[Black "Borowik, Karol"]
[Result "0-1"]
[BlackElo "1451"]
[WhiteElo "1200"]
[LiveChessVersion "1.4.4"]

1. d4 {[%clk 1:30:59]} Nf6 {[%clk 1:30:56]} 2. c4 {[%clk 1:31:27]} g6
{[%clk 1:31:23]} 3. Nc3 {[%clk 1:31:56]} Bg7 {[%clk 1:31:48]} 4. e4
{[%clk 1:32:24]} O-O {[%clk 1:32:11]} 5. e5 {[%clk 1:29:29]} Ne8 {[%clk 1:32:34]}
6. f4 {[%clk 1:29:37]} d6 {[%clk 1:32:34]} 7. Nf3 {[%clk 1:26:25]} c5
{[%clk 1:30:30]} 8. dxc5 {[%clk 1:18:37]} Nc6 {[%clk 1:30:12]} 9. cxd6
{[%clk 1:17:47]} exd6 {[%clk 1:30:31]} 10. exd6 {[%clk 1:18:04]} Nxd6
{[%clk 1:28:33]} 11. Be2 {[%clk 1:18:08]} Bf5 {[%clk 1:26:26]} 12. O-O
{[%clk 1:11:19]} Qb6+ {[%clk 1:20:48]} 13. Kh1 {[%clk 1:11:38]} Ne4
{[%clk 1:16:38]} 14. Nxe4 {[%clk 1:07:43]} Bxe4 {[%clk 1:14:29]} 15. Qb3
{[%clk 1:08:00]} Qc7 {[%clk 1:03:36]} 16. Ng5 {[%clk 1:00:12]} Nd4 17. Qh3
{[%clk 1:00:38]} h6 {[%clk 0:58:03]} 18. Nxe4 {[%clk 1:01:06]} Nxe2
{[%clk 0:57:18]} 19. Bd2 {[%clk 0:56:29]} Qxc4 {[%clk 0:47:34]} 20. Ng3
{[%clk 0:47:39]} Nxg3+ {[%clk 0:41:56]} 21. Qxg3 {[%clk 0:46:15]} Bxb2
{[%clk 0:35:19]} 22. f5 {[%clk 0:36:33]} Bxa1 {[%clk 0:30:08]} 23. Rxa1
{[%clk 0:36:59]} Rfd8 {[%clk 0:22:06]} 24. Bxh6 {[%clk 0:31:28]} Qd3
{[%clk 0:20:53]} 25. Qe1 {[%clk 0:30:11]} Qxf5 {[%clk 0:19:20]} 26. Qc3
{[%clk 0:30:27]} f6 {[%clk 0:18:37]} 27. Qc4+ {[%clk 0:29:12]} Qd5
{[%clk 0:17:59]} 28. Qg4 {[%clk 0:29:31]} Kh7 {[%clk 0:16:28]} 29. h4
{[%clk 0:25:12]} Kxh6 {[%clk 0:15:00]} 30. Qf4+ {[%clk 0:25:37]} Kg7
{[%clk 0:14:57]} 31. Re1 {[%clk 0:26:03]} Qd6 {[%clk 0:14:20]} 32. Qg4
{[%clk 0:25:26]} a5 {[%clk 0:11:12]} 33. h5 {[%clk 0:25:39]} Qd3 {[%clk 0:05:54]}
34. h6+ {[%clk 0:24:02]} Kh8 {[%clk 0:04:33]} 35. Qe6 {[%clk 0:23:13]} Qf5
{[%clk 0:02:17]} 36. Qe7 {[%clk 0:23:38]} Rd7 {[%clk 0:02:14]} 0-1

[Event "PMPJ 2022 - C15"]
[Site "Jastrzebia Gora"]
[Date "2022.11.12"]
[Round "5.21"]
[White "Grabowski, Wojciech"]
[Black "Palasz, Jakub"]
[Result "1-0"]
[BlackElo "1170"]
[WhiteElo "1448"]
[LiveChessVersion "1.4.4"]

1. d4 {[%clk 1:30:52]} d5 {[%clk 1:30:56]} 2. Bf4 {[%clk 1:30:59]} c5
{[%clk 1:31:18]} 3. e3 {[%clk 1:29:38]} Nf6 {[%clk 1:31:40]} 4. Nf3
{[%clk 1:28:42]} Bf5 {[%clk 1:31:46]} 5. Bd3 {[%clk 1:29:03]} Bg6
{[%clk 1:31:49]} 6. c3 {[%clk 1:24:48]} Nc6 {[%clk 1:30:23]} 7. h3
{[%clk 1:23:44]} e6 {[%clk 1:30:04]} 8. O-O {[%clk 1:23:15]} Qb6 {[%clk 1:27:24]}
9. Bxg6 {[%clk 1:07:26]} hxg6 {[%clk 1:20:18]} 10. Qc2 {[%clk 1:07:33]} cxd4
{[%clk 1:13:57]} 11. exd4 {[%clk 1:07:43]} Be7 {[%clk 1:13:52]} 12. Nbd2
{[%clk 1:07:36]} O-O {[%clk 1:13:01]} 13. Rab1 {[%clk 1:05:03]} Rac8
{[%clk 1:12:59]} 14. Qd3 {[%clk 1:05:17]} Nd7 {[%clk 1:09:31]} 15. Rfe1
{[%clk 1:04:45]} Qd8 {[%clk 1:09:10]} 16. Nf1 {[%clk 0:54:16]} Na5
{[%clk 1:06:52]} 17. Ne3 {[%clk 0:47:35]} Nb6 {[%clk 1:06:29]} 18. Ne5
{[%clk 0:46:17]} Bd6 {[%clk 1:04:51]} 19. N3g4 {[%clk 0:45:08]} Qc7
{[%clk 0:58:45]} 20. Bg3 {[%clk 0:43:06]} Nac4 {[%clk 0:57:32]} 21. f4
{[%clk 0:35:57]} Nxe5 {[%clk 0:54:27]} 22. fxe5 {[%clk 0:35:20]} Be7
{[%clk 0:54:39]} 23. Rf1 {[%clk 0:22:26]} Qd8 {[%clk 0:45:19]} 24. Rf3
{[%clk 0:18:51]} Nc4 {[%clk 0:44:57]} 25. Qe2 {[%clk 0:17:11]} Bg5
{[%clk 0:44:38]} 26. Bf4 {[%clk 0:17:18]} Rc6 {[%clk 0:39:37]} 27. g3
{[%clk 0:14:49]} Ra6 {[%clk 0:36:39]} 28. a3 {[%clk 0:14:36]} Rb6
{[%clk 0:37:02]} 29. Qc2 {[%clk 0:12:24]} Rb5 {[%clk 0:32:08]} 30. Ne3
{[%clk 0:10:18]} Bxf4 {[%clk 0:29:34]} 31. Nxc4 {[%clk 0:10:11]} dxc4
{[%clk 0:29:31]} 32. Rxf4 {[%clk 0:10:24]} Qb6 {[%clk 0:29:10]} 33. Rf2
{[%clk 0:08:45]} g5 {[%clk 0:23:23]} 34. Rbf1 {[%clk 0:08:07]} Qc7
{[%clk 0:22:45]} 35. Qd1 {[%clk 0:07:17]} f5 {[%clk 0:21:17]} 36. Qh5
{[%clk 0:05:15]} Qe7 37. Rh2 {[%clk 0:04:08]} Rf7 {[%clk 0:11:40]} 38. g4
{[%clk 0:01:21]} g6 {[%clk 0:11:33]} 39. Qxg6+ {[%clk 0:01:30]} Rg7
{[%clk 0:11:56]} 40. Qf6 {[%clk 0:01:45]} Qxf6 {[%clk 0:12:09]} 41. exf6
{[%clk 0:02:14]} Rf7 {[%clk 0:12:29]} 42. gxf5 {[%clk 0:02:30]} exf5
{[%clk 0:12:52]} 43. Rg2 {[%clk 0:02:53]} Rxf6 {[%clk 0:13:05]} 44. Rxg5+
{[%clk 0:03:18]} Kh7 {[%clk 0:12:45]} 45. Rf2 {[%clk 0:03:08]} Kh6
{[%clk 0:12:39]} 46. h4 {[%clk 0:03:12]} Rbb6 {[%clk 0:12:11]} 47. Kf1
{[%clk 0:02:28]} f4 {[%clk 0:12:06]} 48. Rc5 {[%clk 0:02:17]} Rbc6
{[%clk 0:11:33]} 49. Rxc6 {[%clk 0:02:34]} bxc6 {[%clk 0:11:57]} 50. Kg2
{[%clk 0:01:56]} Kh5 {[%clk 0:12:09]} 51. Kh3 {[%clk 0:01:19]} a6
{[%clk 0:12:06]} 52. Re2 {[%clk 0:01:35]} Rg6 {[%clk 0:11:04]} 53. Re5+
{[%clk 0:01:39]} Kh6 {[%clk 0:11:27]} 54. Rf5 {[%clk 0:02:01]} Rg3+
{[%clk 0:11:28]} 55. Kh2 {[%clk 0:02:26]} Rg4 {[%clk 0:11:52]} 56. h5
{[%clk 0:01:24]} Rh4+ {[%clk 0:09:36]} 57. Kg2 {[%clk 0:01:52]} Rxh5
{[%clk 0:09:57]} 58. Rxf4 {[%clk 0:02:17]} Rg5+ {[%clk 0:08:27]} 59. Kf3
{[%clk 0:02:28]} Kg6 {[%clk 0:08:43]} 60. Re4 {[%clk 0:01:13]} Kf6
{[%clk 0:08:06]} 61. Rh4 {[%clk 0:00:54]} Kg7 {[%clk 0:07:57]} 62. Rh2
{[%clk 0:00:34]} Rb5 {[%clk 0:07:22]} 63. Ke4 {[%clk 0:00:54]} Kf7
{[%clk 0:07:37]} 64. Rh6 {[%clk 0:01:03]} Rb6 {[%clk 0:06:01]} 65. a4
{[%clk 0:01:24]} a5 {[%clk 0:06:06]} 66. Rh5 {[%clk 0:01:49]} Rxb2
{[%clk 0:06:22]} 67. Rxa5 {[%clk 0:01:51]} Rb3 {[%clk 0:06:42]} 68. Rc5
{[%clk 0:02:07]} Rxc3 {[%clk 0:06:52]} 69. Rxc6 {[%clk 0:02:31]} Rc1
{[%clk 0:06:54]} 70. Ke3 {[%clk 0:02:22]} c3 {[%clk 0:06:48]} 71. Kd3
{[%clk 0:02:47]} Ra1 {[%clk 0:07:09]} 72. Rc4 {[%clk 0:03:12]} Ke6
{[%clk 0:07:13]} 73. Kxc3 {[%clk 0:03:33]} Kd5 {[%clk 0:07:27]} 74. Rc5+
{[%clk 0:03:55]} Kd6 {[%clk 0:07:49]} 75. Kb4 {[%clk 0:02:32]} Rd1
{[%clk 0:07:07]} 76. Kc4 {[%clk 0:00:35]} Rc1+ {[%clk 0:06:48]} 77. Kb5
{[%clk 0:00:59]} Rd1 {[%clk 0:04:51]} 78. Rc4 {[%clk 0:01:19]} Kd5
{[%clk 0:05:15]} 79. Rb4 {[%clk 0:01:44]} Rc1 {[%clk 0:04:32]} 80. a5
{[%clk 0:02:05]} Rc8 {[%clk 0:04:19]} 81. a6 {[%clk 0:02:10]} Ra8
{[%clk 0:03:46]} 82. Kb6 {[%clk 0:02:12]} Rb8+ {[%clk 0:03:58]} 83. Ka5
{[%clk 0:02:42]} Ra8 {[%clk 0:03:18]} 84. Rb7 {[%clk 0:03:02]} Kc6
{[%clk 0:03:15]} 85. d5+ {[%clk 0:03:18]} Kxd5 {[%clk 0:02:31]} 86. Kb6
{[%clk 0:03:45]} Kc4 {[%clk 0:01:42]} 87. a7 {[%clk 0:04:04]} Rh8
{[%clk 0:02:07]} 88. Rc7+ {[%clk 0:04:25]} Kd5 {[%clk 0:02:18]} 89. Kb7
{[%clk 0:04:49]} Rd8 {[%clk 0:02:25]} 90. a8=Q {[%clk 0:04:59]} 1-0

[Event "PMPJ 2022 - C15"]
[Site "Jastrzebia Gora"]
[Date "2022.11.12"]
[Round "5.22"]
[White "Kozik, Maksymilian"]
[Black "Jendrowiak, Maciej"]
[Result "0-1"]
[BlackElo "1664"]
[WhiteElo "1341"]
[LiveChessVersion "1.4.4"]

1. e4 c6 2. d4 d5 3. e5 Bf5 4. Nf3 e6 5. Be2 Be7 6. h4 Nd7 7. c3 Qb6 8. Qb3 h5 9.
Be3 Nh6 10. Nbd2 Ng4 11. O-O Nxe3 12. fxe3 f6 13. Qxb6 axb6 14. exf6 gxf6 15. c4
Bd6 16. cxd5 cxd5 17. Rfd1 Ke7 18. Nf1 Rag8 19. Bd3 Bg4 20. Kh1 Bxf3 21. gxf3 Bg3
22. Nxg3 Rxg3 23. Kh2 Rxf3 24. Kg2 Rxe3 25. Kf2 Rh3 0-1

[Event "PMPJ 2022 - C15"]
[Site "Jastrzebia Gora"]
[Date "2022.11.12"]
[Round "5.23"]
[White "Zawadzki, Bartosz"]
[Black "Przedlacki, Wiktor"]
[Result "1-0"]
[BlackElo "1474"]
[WhiteElo "1624"]
[LiveChessVersion "1.4.4"]

1. e4 {[%clk 1:30:56]} c5 {[%clk 1:30:55]} 2. Nc3 {[%clk 1:31:19]} d6
{[%clk 1:31:14]} 3. g3 {[%clk 1:31:43]} g6 {[%clk 1:31:14]} 4. Bg2
{[%clk 1:32:05]} Bg7 {[%clk 1:31:36]} 5. d3 {[%clk 1:32:29]} Nc6 {[%clk 1:31:22]}
6. f4 {[%clk 1:32:26]} Nf6 {[%clk 1:26:05]} 7. h3 {[%clk 1:32:16]} h5
{[%clk 1:23:22]} 8. Nf3 {[%clk 1:32:34]} e6 {[%clk 1:20:43]} 9. O-O
{[%clk 1:31:23]} O-O {[%clk 1:19:02]} 10. Be3 {[%clk 1:30:51]} b6
{[%clk 1:14:03]} 11. e5 {[%clk 1:21:58]} Nd5 {[%clk 1:10:51]} 12. Nxd5
{[%clk 1:21:56]} exd5 {[%clk 1:11:15]} 13. d4 {[%clk 1:21:29]} Be6
{[%clk 1:02:17]} 14. c4 {[%clk 1:02:55]} Rc8 {[%clk 0:50:01]} 15. dxc5
{[%clk 0:51:53]} dxc5 {[%clk 0:42:09]} 16. Ng5 {[%clk 0:39:47]} d4
{[%clk 0:33:16]} 17. Nxe6 {[%clk 0:40:02]} fxe6 {[%clk 0:33:40]} 18. Bd2
{[%clk 0:39:48]} Ne7 {[%clk 0:31:26]} 19. g4 {[%clk 0:39:09]} Qe8
{[%clk 0:26:49]} 20. Qe1 {[%clk 0:34:18]} hxg4 {[%clk 0:25:41]} 21. hxg4
{[%clk 0:34:43]} g5 {[%clk 0:25:16]} 22. f5 {[%clk 0:31:14]} exf5
{[%clk 0:23:30]} 23. Bxg5 {[%clk 0:31:08]} fxg4 {[%clk 0:13:56]} 24. Qh4
{[%clk 0:29:32]} Rxf1+ {[%clk 0:10:16]} 25. Rxf1 {[%clk 0:29:46]} Bf8
{[%clk 0:10:20]} 26. Bxe7 {[%clk 0:28:08]} 1-0